The diversity of fishes: biology, evolution, and ecology
Shranjeno v:
| Main Authors: | , , , |
|---|---|
| Format: | Knjiga |
| Jezik: | angleščina |
| Izdano: |
Chichester
Blackwell Publishing
2009
|
| Izdaja: | 2a. ed |
| Teme: | |
| Oznake: |
Označite
Brez oznak, prvi označite!
|
MARC
| LEADER | 00000cam a2200000 a 4500 | ||
|---|---|---|---|
| 001 | UCC5598 | ||
| 003 | CL-VaPUC | ||
| 008 | 181021e20090000uk |||||||||||||||||eng|d | ||
| 020 | |a 9781405124942 | ||
| 082 | 0 | 4 | |a 597 |b HEL |2 21 |
| 100 | |a Helfman, Gene S |e author |9 617679 | ||
| 700 | 0 | |a Collette, Bruce B |e author |9 599943 | |
| 700 | 0 | |a Facey, Douglas E |e author |9 599944 | |
| 700 | 0 | |a Bowen, Brian W |e author |9 599945 | |
| 245 | 1 | 4 | |a The diversity of fishes: biology, evolution, and ecology |
| 250 | |a 2a. ed | ||
| 300 | |a 720 p | ||
| 942 | |c BK | ||
| 945 | |d 20181021 19:29:00 |a dcastane | ||
| 260 | |a Chichester |b Blackwell Publishing |c 2009 | ||
| 650 | 0 | |a Animales acuáticos |9 261299 | |
| 650 | 0 | |a Adaptación |9 269588 | |
| 650 | 7 | |a COMPORTAMIENTO ANIMAL |2 CL-VaPUC |9 334602 | |
| 650 | 7 | |a PECES |2 CL-VaPUC |9 599946 | |
| 650 | 0 | |a Zoogeografía |9 261803 | |
| 583 | |a last modification |c 20181021 19:29:00 |k Rodrigo Vera | ||
| 999 | |c 372771 |d 372769 | ||
| 952 | |0 0 |1 0 |3 erd |4 0 |6 597_000000000000000_HEL_2009 |7 0 |8 CCM |9 490584 |a BIBCUR |b BIBCUR |i 5508509 |o 597 HEL 2009 |p 5508509 |r 2025-04-22 |w 2019-11-24 |y BK_R |z Catalogado en:20181021 |k CIM | ||
| 952 | |0 0 |1 0 |3 erd |4 0 |6 597_000000000000000_HEL_2009 |7 0 |8 R |9 490585 |a BIBCUR |b BIBCUR |i 5508517 |l 5 |o 597 HEL 2009 |p 5508517 |r 2025-04-22 |s 2024-10-15 |w 2019-11-24 |y BK_R |z Catalogado en:20181021 |k CIM | ||